000 00382nam a2200169Ia 4500
100 _aGerber/Richard/ Bik/Aart J.C
650 _aSoftware
942 _cBK
366 _f20
654 _asoftware optimization
245 _aSoftware optimization Cookbook
260 _bIntel Press
_c2006
082 _a5.1
_bGER
300 _a404
546 _aENGLISH
_cPAMPHALETS
999 _c31907
_d31907